banner koha

Evolucao e estado da arte do cultivo minimo na agricultura (Registro n. 326855)

MARC details
000 -LÍDER
campo de controle de tamanho fixo 01051naa a22002897a 4500
001 - NÚMERO DE CONTROLE
campo de controle BR9511745
003 - IDENTIFICADOR DO NÚMERO DE CONTROLE
campo de controle BR-BrBNA
005 - DATA E HORÁRIO DA ÚLTIMA TRANSAÇÃO
campo de controle 20240918181806.0
007 - CAMPO FIXO DE DESCRIÇÃO FÍSICA--INFORMAÇÃO GERAL
campo de controle de tamanho fixo ta
008 - CAMPO DE DADOS FIXOS--INFORMAÇÃO GERAL
campo de controle de tamanho fixo 230509b bl.||||| |||| 00| 0 por d
040 ## - FONTE DA CATALOGAÇÃO
Instituição da catalogação original BR-BrBNA
Idioma da catalogação por
Instituição que transcreveu o registro Biblioteca Nacional de Agricultura
041 ## - CÓDIGO DE IDIOMA
Código do idioma do texto/trilha sonora ou título diferente (Pt)
072 ## - CÓDIGO DE CATEGORIA DE ASSUNTO
Código de Categoria de Assunto K10; P36
090 ## - NÚMERO DE CHAMADA LOCAL
Número de chamada K10 BR9511745
100 1# - ENTRADA PRINCIPAL--NOME PESSOAL
Nome pessoal Medeiros, G.B. de
111 1# - ENTRADA PRINCIPAL--NOME DO EVENTO
Nome do evento ou lugar 1. Seminario sobre Cultivo Minimo do Solo em Florestas
Local do evento Curitiba, PR (Brazil)
Data do evento ou assinatura do tratado 6-9 Jun 1995
245 1# - TÍTULO
Título Evolucao e estado da arte do cultivo minimo na agricultura
260 3# - PUBLICAÇÃO, DISTRIBUIÇÃO, ETC.
Local de publicação, distribuição, etc. Colombo, PR (Brasil):
Data da publicação, distribuição, etc. 1995.
500 ## - NOTA GERAL
Nota geral 1. Seminario sobre Cultivo Minimo do Solo em Florestas. Anais<br/>Colombo, PR (Brasil): 1995. p. 8-15<br/>(BR9511745-AM)K10<br/>
650 ## - ASSUNTO--TERMO TÓPICO
Cabeçalho tópico ou nome geográfico Floresta
650 ## - ASSUNTO--TERMO TÓPICO
Cabeçalho tópico ou nome geográfico Plantio Direto
650 ## - ASSUNTO--TERMO TÓPICO
Cabeçalho tópico ou nome geográfico Erosao do Solo
650 ## - ASSUNTO--TERMO TÓPICO
Cabeçalho tópico ou nome geográfico Cultivo Minimo
773 0# - ENTRADA ANALÍTICA
Título 1. Seminario sobre Cultivo Minimo do Solo em Florestas. Anais
Número de controle do registro K10 BR9511745
Partes relacionadas Colombo, PR (Brasil), 1995. p. 8-15
909 ## -
-- 202404
-- Lucia
-- 55
-- Lucia Elande
942 ## - ELEMENTOS DE ENTRADA ADICIONADOS (KOHA)
Tipo de material Koha Capítulo-Livro
Fonte da classificação ou esquema de arquivamento na estante Classificação AGRIS
Exemplares
Situação do descarte Fonte da classificação ou esquema de arquivamento na estante Situação física Não pode ser emprestado Coleção Biblioteca de origem Biblioteca atual Localização na estante Total de empréstimos Data de último acesso Número do exemplar Tipo de material Koha Situação das perdas Data de aquisição Fonte de aquisição
  Classificação AGRIS       Biblioteca Nacional de Agricultura - Binagri Biblioteca Nacional de Agricultura - Binagri Agrobase - Acervo Geral   20/05/2024 01 Capítulo-Livro   2024-04-11 Portaria Interministerial nº 164/94

BINAGRI

Telefone: (61)3218-2567/2388/3357/2097 - binagri@agro.gov.br

Ministério da Agricultura e Pecuária , Esplanada dos Ministérios, Bloco D, Anexo B, Brasília/DF, CEP: 70.043-900